[Event "WYCC Open 10"]
[Site "Porto Carras"]
[Date "2015.11.01"]
[Round "7.2"]
[White "Nguyen, Quoc Hy"]
[Black "Wang, Justin"]
[Result "0-1"]
[BlackElo "2046"]
[WhiteElo "1583"]
[LiveChessVersion "1.4.6"]

1. d4 {[%clk 1:30:57]} Nf6 {[%clk 1:30:50]} 2. c4 {[%clk 1:31:24]} e6
{[%clk 1:31:08]} 3. g3 {[%clk 1:31:51]} d5 {[%clk 1:31:29]} 4. Nf3
{[%clk 1:32:16]} Be7 {[%clk 1:31:30]} 5. Bg2 {[%clk 1:32:35]} O-O
{[%clk 1:31:21]} 6. O-O {[%clk 1:32:56]} dxc4 {[%clk 1:31:08]} 7. Qa4
{[%clk 1:33:02]} a6 {[%clk 1:31:00]} 8. Qxc4 {[%clk 1:33:10]} b5 {[%clk 1:30:41]}
9. Qc2 {[%clk 1:30:28]} Bb7 {[%clk 1:30:26]} 10. Bg5 {[%clk 1:25:26]} h6
{[%clk 1:27:30]} 11. Bxf6 {[%clk 1:25:22]} Bxf6 {[%clk 1:23:41]} 12. Rd1
{[%clk 1:25:45]} Nc6 {[%clk 1:12:50]} 13. e3 {[%clk 1:18:48]} Nb4
{[%clk 1:05:43]} 14. Qe2 {[%clk 1:17:55]} Ra7 {[%clk 1:00:39]} 15. a3
{[%clk 1:09:19]} Nc6 {[%clk 0:58:27]} 16. Nc3 {[%clk 0:59:27]} Qa8
{[%clk 0:54:30]} 17. Ne1 {[%clk 0:37:54]} Na5 {[%clk 0:51:39]} 18. Bxb7
{[%clk 0:36:00]} Qxb7 {[%clk 0:49:34]} 19. Qc2 {[%clk 0:35:53]} Rd8
{[%clk 0:45:42]} 20. Nd3 {[%clk 0:31:58]} Raa8 {[%clk 0:39:48]} 21. Nc5
{[%clk 0:30:32]} Qb6 {[%clk 0:37:56]} 22. Rac1 {[%clk 0:25:50]} Nc4
{[%clk 0:36:24]} 23. a4 {[%clk 0:23:19]} Bg5 {[%clk 0:26:48]} 24. Qe2
{[%clk 0:20:08]} Nd6 {[%clk 0:23:06]} 25. h4 {[%clk 0:18:49]} Be7
{[%clk 0:21:52]} 26. Qg4 {[%clk 0:18:27]} Nc4 {[%clk 0:19:20]} 27. b3
{[%clk 0:16:43]} Na5 {[%clk 0:15:39]} 28. b4 {[%clk 0:14:33]} Nc4
{[%clk 0:10:43]} 29. a5 {[%clk 0:10:33]} Qc6 {[%clk 0:10:20]} 30. e4
{[%clk 0:10:48]} Bxc5 {[%clk 0:08:47]} 31. dxc5 {[%clk 0:10:55]} Qe8
{[%clk 0:07:33]} 32. Qe2 {[%clk 0:09:54]} f6 {[%clk 0:06:38]} 33. Nb1
{[%clk 0:05:41]} c6 {[%clk 0:05:50]} 34. Rxd8 {[%clk 0:05:18]} Rxd8
{[%clk 0:06:14]} 35. Rd1 {[%clk 0:05:43]} Rd7 {[%clk 0:05:06]} 36. Nc3
{[%clk 0:05:08]} Qd8 {[%clk 0:05:09]} 37. Kf1 {[%clk 0:04:24]} Rxd1+
{[%clk 0:02:54]} 38. Nxd1 {[%clk 0:02:45]} Qd4 {[%clk 0:03:01]} 39. Qg4
{[%clk 0:02:08]} f5 {[%clk 0:02:27]} 40. Qh5 {[%clk 0:31:19]} Qxe4
{[%clk 0:31:49]} 41. Qe8+ {[%clk 0:24:41]} Kh7 {[%clk 0:32:11]} 42. h5
{[%clk 0:24:57]} Nd2+ {[%clk 0:32:25]} 43. Kg1 {[%clk 0:25:09]} Nf3+
{[%clk 0:25:07]} 44. Kf1 {[%clk 0:23:57]} f4 {[%clk 0:22:29]} 45. Nc3
{[%clk 0:15:03]} Nd2+ {[%clk 0:22:53]} 46. Kg1 {[%clk 0:15:20]} Qe1+
{[%clk 0:23:17]} 47. Kh2 {[%clk 0:14:42]} Qxf2+ {[%clk 0:23:41]} 48. Kh1
{[%clk 0:15:08]} Qf1+ {[%clk 0:24:02]} 49. Kh2 {[%clk 0:15:34]} Nf3#
{[%clk 0:24:29]} 0-1

[Event "WYCC Open 10"]
[Site "Porto Carras"]
[Date "2015.11.01"]
[Round "7.3"]
[White "Oglaza, Oskar"]
[Black "Medina, Benjamin R"]
[Result "1-0"]
[BlackElo "1826"]
[WhiteElo "2118"]
[LiveChessVersion "1.4.6"]

1. e4 {[%clk 1:30:45]} c6 {[%clk 1:30:55]} 2. d4 {[%clk 1:30:52]} d5
{[%clk 1:31:23]} 3. e5 {[%clk 1:31:04]} Bf5 {[%clk 1:31:47]} 4. Nc3
{[%clk 1:31:20]} e6 {[%clk 1:32:09]} 5. g4 {[%clk 1:31:26]} Bg6 {[%clk 1:32:27]}
6. Nge2 {[%clk 1:31:15]} c5 {[%clk 1:31:03]} 7. h4 {[%clk 1:30:51]} h6
{[%clk 1:30:23]} 8. Be3 {[%clk 1:27:03]} Nc6 {[%clk 1:28:06]} 9. dxc5
{[%clk 1:06:52]} Nxe5 {[%clk 1:21:55]} 10. Nd4 {[%clk 1:03:43]} Nf6
{[%clk 1:04:34]} 11. Bb5+ {[%clk 0:51:20]} Ned7 {[%clk 0:59:38]} 12. Qe2
{[%clk 0:42:35]} a6 {[%clk 0:53:13]} 13. Bxd7+ {[%clk 0:34:00]} Nxd7
{[%clk 0:49:33]} 14. f4 {[%clk 0:30:49]} Be7 {[%clk 0:44:51]} 15. f5
{[%clk 0:26:13]} e5 {[%clk 0:38:21]} 16. fxg6 {[%clk 0:19:07]} Bxh4+
{[%clk 0:36:31]} 17. Kd2 {[%clk 0:17:42]} O-O {[%clk 0:35:51]} 18. Nf5
{[%clk 0:17:10]} d4 {[%clk 0:32:28]} 19. Nxh4 {[%clk 0:14:21]} Nxc5
{[%clk 0:31:25]} 20. Raf1 {[%clk 0:08:06]} dxc3+ {[%clk 0:29:29]} 21. Kc1
{[%clk 0:08:29]} cxb2+ {[%clk 0:27:47]} 22. Kb1 {[%clk 0:07:48]} Ne4
{[%clk 0:26:40]} 23. Qc4 {[%clk 0:07:17]} Nd6 {[%clk 0:22:07]} 24. Qb3
{[%clk 0:07:18]} Rc8 {[%clk 0:22:02]} 25. gxf7+ {[%clk 0:06:37]} Rxf7
{[%clk 0:20:36]} 26. Rxf7 {[%clk 0:05:59]} Nxf7 {[%clk 0:21:03]} 27. g5
{[%clk 0:05:28]} Qc7 {[%clk 0:17:17]} 28. g6 {[%clk 0:05:09]} Qc6
{[%clk 0:15:52]} 29. Rf1 {[%clk 0:05:07]} 1-0

[Event "WYCC Open 10"]
[Site "Porto Carras"]
[Date "2015.11.01"]
[Round "7.4"]
[White "Krastev, Alexander"]
[Black "Murzin, Volodar"]
[Result "1/2-1/2"]
[BlackElo "2007"]
[WhiteElo "1888"]
[LiveChessVersion "1.4.6"]

1. e4 {[%clk 1:30:25]} e6 {[%clk 1:30:47]} 2. d4 {[%clk 1:30:19]} d5
{[%clk 1:31:08]} 3. Nd2 {[%clk 1:30:17]} c5 {[%clk 1:30:42]} 4. exd5
{[%clk 1:27:22]} exd5 {[%clk 1:30:29]} 5. Ngf3 {[%clk 1:27:06]} cxd4
{[%clk 1:20:10]} 6. Nxd4 {[%clk 1:26:27]} Nf6 {[%clk 1:19:37]} 7. Bd3
{[%clk 1:24:58]} Nc6 {[%clk 1:17:15]} 8. N2b3 {[%clk 1:19:09]} Be7
{[%clk 1:12:09]} 9. O-O {[%clk 1:15:28]} O-O {[%clk 1:09:04]} 10. Nf5
{[%clk 1:13:44]} Nb4 {[%clk 0:56:39]} 11. Nxe7+ {[%clk 1:03:07]} Qxe7
{[%clk 0:56:59]} 12. Re1 {[%clk 1:02:38]} Qc7 {[%clk 0:52:34]} 13. Bg5
{[%clk 0:56:00]} Ng4 {[%clk 0:44:48]} 14. g3 {[%clk 0:52:25]} Qb6
{[%clk 0:40:03]} 15. Be3 {[%clk 0:50:41]} Nxe3 {[%clk 0:40:01]} 16. Rxe3
{[%clk 0:51:00]} Be6 {[%clk 0:38:07]} 17. Bf1 {[%clk 0:47:11]} Rac8
{[%clk 0:35:27]} 18. c3 {[%clk 0:46:53]} Nc6 {[%clk 0:35:27]} 19. Bg2
{[%clk 0:44:05]} Rfd8 {[%clk 0:34:37]} 20. Rd3 {[%clk 0:36:15]} Ne5
{[%clk 0:20:19]} 21. Rd4 {[%clk 0:36:29]} Qc6 {[%clk 0:19:38]} 22. Qe2
{[%clk 0:24:00]} Nc4 {[%clk 0:19:27]} 23. Rdd1 {[%clk 0:22:54]} Re8
{[%clk 0:15:46]} 24. Qc2 {[%clk 0:19:58]} Rcd8 1/2-1/2

[Event "WYCC Open 10"]
[Site "Porto Carras"]
[Date "2015.11.01"]
[Round "7.5"]
[White "Makoveev, Ilya"]
[Black "Issani, Nameer"]
[Result "1-0"]
[BlackElo "1776"]
[WhiteElo "1982"]
[LiveChessVersion "1.4.6"]

1. e4 {[%clk 1:30:44]} e5 {[%clk 1:30:41]} 2. Nf3 {[%clk 1:30:47]} Nc6
{[%clk 1:30:34]} 3. Bb5 {[%clk 1:30:26]} a6 {[%clk 1:30:40]} 4. Ba4
{[%clk 1:30:41]} Nf6 {[%clk 1:29:49]} 5. O-O {[%clk 1:30:21]} b5 {[%clk 1:29:16]}
6. Bb3 {[%clk 1:30:39]} Be7 {[%clk 1:28:34]} 7. d3 {[%clk 1:30:06]} O-O
{[%clk 1:27:49]} 8. a4 {[%clk 1:29:40]} Bb7 {[%clk 1:18:25]} 9. Re1
{[%clk 1:28:56]} d6 {[%clk 1:17:09]} 10. c3 {[%clk 1:25:36]} Re8 {[%clk 1:13:01]}
11. Bc2 {[%clk 1:18:58]} Bf8 {[%clk 1:09:14]} 12. Nbd2 {[%clk 1:18:30]} g6
{[%clk 1:08:43]} 13. Nf1 {[%clk 1:16:46]} Bg7 {[%clk 1:07:12]} 14. Ng3
{[%clk 1:12:26]} d5 {[%clk 1:04:52]} 15. exd5 {[%clk 1:11:03]} Nxd5
{[%clk 0:59:45]} 16. Ne4 {[%clk 1:08:18]} Bf8 {[%clk 0:55:44]} 17. Bg5
{[%clk 1:03:00]} Be7 {[%clk 0:53:07]} 18. Bxe7 {[%clk 1:02:31]} Qxe7
{[%clk 0:53:26]} 19. d4 {[%clk 1:01:39]} exd4 {[%clk 0:48:40]} 20. cxd4
{[%clk 0:59:52]} Qf8 {[%clk 0:45:10]} 21. Bb3 {[%clk 0:52:35]} Rxe4
{[%clk 0:38:56]} 22. Rxe4 {[%clk 0:51:50]} Nce7 {[%clk 0:38:36]} 23. Ne5
{[%clk 0:48:28]} Nc3 {[%clk 0:33:45]} 24. bxc3 {[%clk 0:48:54]} Bxe4
{[%clk 0:34:09]} 25. Nd7 {[%clk 0:39:57]} Qg7 {[%clk 0:30:17]} 26. Qe2
{[%clk 0:40:03]} Bd5 {[%clk 0:30:17]} 27. Qxe7 {[%clk 0:39:58]} Bxb3
{[%clk 0:30:25]} 28. axb5 {[%clk 0:39:08]} a5 {[%clk 0:30:25]} 29. Rxa5
{[%clk 0:38:42]} Rc8 {[%clk 0:29:55]} 30. Nf6+ {[%clk 0:26:26]} Kh8
{[%clk 0:29:56]} 31. Qxc7 {[%clk 0:25:02]} Be6 {[%clk 0:29:12]} 32. Qe5
{[%clk 0:25:07]} Rd8 {[%clk 0:29:00]} 33. b6 {[%clk 0:24:42]} 1-0

[Event "WYCC Open 10"]
[Site "Porto Carras"]
[Date "2015.11.01"]
[Round "7.7"]
[White "Amartuvshin, Ganzorig"]
[Black "Can, Isik"]
[Result "1-0"]
[BlackElo "2123"]
[WhiteElo "1737"]
[LiveChessVersion "1.4.6"]

1. e4 {[%clk 1:30:57]} c5 {[%clk 1:30:30]} 2. Nf3 {[%clk 1:31:19]} d6
{[%clk 1:30:53]} 3. d4 {[%clk 1:31:41]} cxd4 {[%clk 1:31:15]} 4. Nxd4
{[%clk 1:32:04]} Nf6 {[%clk 1:31:40]} 5. Nc3 {[%clk 1:32:28]} a6 {[%clk 1:32:06]}
6. Be3 {[%clk 1:32:11]} e5 {[%clk 1:32:26]} 7. Nb3 {[%clk 1:32:27]} Be6
{[%clk 1:32:46]} 8. Qd2 {[%clk 1:32:38]} Nbd7 {[%clk 1:32:52]} 9. O-O-O
{[%clk 1:32:43]} Be7 {[%clk 1:32:23]} 10. f4 {[%clk 1:32:50]} Rc8
{[%clk 1:32:29]} 11. f5 {[%clk 1:32:24]} Bc4 {[%clk 1:32:07]} 12. g4
{[%clk 1:31:51]} b5 {[%clk 1:23:27]} 13. Rg1 {[%clk 1:15:29]} b4 {[%clk 1:04:15]}
14. Bxc4 {[%clk 1:10:30]} Rxc4 {[%clk 1:02:11]} 15. Qd3 {[%clk 1:10:45]} Qc7
{[%clk 1:00:00]} 16. Nd2 {[%clk 1:07:24]} Rc5 {[%clk 0:43:27]} 17. Na4
{[%clk 0:45:08]} Rc6 {[%clk 0:43:06]} 18. g5 {[%clk 0:44:49]} Nh5
{[%clk 0:43:16]} 19. Kb1 {[%clk 0:42:17]} Nf4 {[%clk 0:35:56]} 20. Bxf4
{[%clk 0:35:11]} exf4 {[%clk 0:36:17]} 21. Rc1 {[%clk 0:34:54]} h6
{[%clk 0:29:26]} 22. gxh6 {[%clk 0:30:43]} Rxh6 {[%clk 0:29:36]} 23. Rxg7
{[%clk 0:30:10]} Rxh2 {[%clk 0:29:44]} 24. Nf3 {[%clk 0:28:50]} Ne5
{[%clk 0:28:53]} 25. Nxe5 {[%clk 0:27:35]} dxe5 {[%clk 0:29:21]} 26. Qd5
{[%clk 0:22:46]} Bd8 {[%clk 0:15:37]} 27. Rg8+ {[%clk 0:19:13]} Ke7
{[%clk 0:16:01]} 28. Rxd8 {[%clk 0:18:47]} f3 {[%clk 0:13:48]} 29. Rd7+
{[%clk 0:17:19]} Qxd7 {[%clk 0:13:31]} 30. Qxe5+ {[%clk 0:17:45]} Kf8
{[%clk 0:12:23]} 31. Qxh2 {[%clk 0:18:08]} Rc4 {[%clk 0:12:29]} 32. Nb6
{[%clk 0:18:24]} 1-0

[Event "WYCC Open 10"]
[Site "Porto Carras"]
[Date "2015.11.01"]
[Round "7.8"]
[White "Guo, Arthur"]
[Black "Bayaraa, Chinguun"]
[Result "1-0"]
[BlackElo "1893"]
[WhiteElo "2073"]
[LiveChessVersion "1.4.6"]

1. e4 {[%clk 1:30:56]} c5 {[%clk 1:30:47]} 2. Nf3 {[%clk 1:31:22]} d6
{[%clk 1:30:27]} 3. d4 {[%clk 1:31:50]} cxd4 {[%clk 1:30:10]} 4. Nxd4
{[%clk 1:32:18]} Nf6 {[%clk 1:29:36]} 5. Nc3 {[%clk 1:32:46]} a6 {[%clk 1:28:56]}
6. g3 {[%clk 1:33:11]} e6 {[%clk 1:24:53]} 7. Bg2 {[%clk 1:33:22]} Be7
{[%clk 1:24:57]} 8. O-O {[%clk 1:33:24]} Qc7 {[%clk 1:12:52]} 9. a4
{[%clk 1:33:05]} Nc6 {[%clk 1:11:28]} 10. Nb3 {[%clk 1:33:29]} O-O
{[%clk 1:11:29]} 11. a5 {[%clk 1:31:35]} Ne5 {[%clk 1:04:23]} 12. Qe2
{[%clk 1:28:08]} Bd7 {[%clk 0:57:58]} 13. Rd1 {[%clk 1:11:59]} Bc6
{[%clk 0:39:04]} 14. f4 {[%clk 1:09:44]} Ned7 {[%clk 0:35:18]} 15. Be3
{[%clk 1:06:54]} Nc5 {[%clk 0:30:10]} 16. Nxc5 {[%clk 1:07:14]} dxc5
{[%clk 0:29:54]} 17. e5 {[%clk 1:07:20]} Nd7 {[%clk 0:23:02]} 18. Ne4
{[%clk 1:06:41]} Bxe4 {[%clk 0:19:46]} 19. Bxe4 {[%clk 1:07:00]} Rfd8
{[%clk 0:13:21]} 20. Qc4 {[%clk 1:01:53]} Rac8 {[%clk 0:08:47]} 21. Rf1
{[%clk 0:59:37]} Nb8 {[%clk 0:07:09]} 22. Qc3 {[%clk 0:55:04]} b5
{[%clk 0:02:47]} 23. axb6 {[%clk 0:54:47]} Qxb6 {[%clk 0:03:01]} 24. Qa5
{[%clk 0:51:30]} Qxa5 {[%clk 0:02:46]} 25. Rxa5 {[%clk 0:51:51]} Rd7
{[%clk 0:02:32]} 26. Kf2 {[%clk 0:50:06]} f5 {[%clk 0:01:25]} 27. exf6
{[%clk 0:50:16]} gxf6 {[%clk 0:01:43]} 28. f5 {[%clk 0:50:02]} e5
{[%clk 0:02:04]} 29. c3 {[%clk 0:49:37]} Kf7 {[%clk 0:02:09]} 30. Kf3
{[%clk 0:48:23]} Rd6 {[%clk 0:02:03]} 31. h4 {[%clk 0:44:37]} Rc7
{[%clk 0:01:46]} 32. g4 {[%clk 0:44:02]} Rb6 {[%clk 0:00:58]} 33. Rf2
{[%clk 0:41:33]} Rb5 {[%clk 0:00:57]} 34. Ra1 {[%clk 0:41:32]} Rc8
{[%clk 0:01:04]} 35. g5 {[%clk 0:41:26]} fxg5 {[%clk 0:01:06]} 36. hxg5
{[%clk 0:41:50]} Rb6 {[%clk 0:00:37]} 37. Rh1 {[%clk 0:42:05]} Rh8
{[%clk 0:00:58]} 38. g6+ {[%clk 0:41:59]} Kg7 {[%clk 0:01:03]} 39. Bh6+
{[%clk 0:42:18]} Kf6 {[%clk 0:01:19]} 40. g7 {[%clk 1:12:40]} Rd8
{[%clk 0:31:09]} 41. Bd5 {[%clk 1:12:34]} Rbd6 {[%clk 0:29:54]} 42. g8=Q
{[%clk 1:12:50]} Rxg8 {[%clk 0:30:08]} 43. Bxg8 {[%clk 1:13:16]} Kxf5
{[%clk 0:30:11]} 44. Ke3+ {[%clk 1:13:07]} 1-0

[Event "WYCC Open 10"]
[Site "Porto Carras"]
[Date "2015.11.01"]
[Round "7.9"]
[White "Tugstumur, Yesuntumur"]
[Black "Morgunov, Marc"]
[Result "1-0"]
[BlackElo "1886"]
[WhiteElo "1960"]
[LiveChessVersion "1.4.6"]

1. d4 {[%clk 1:30:56]} d5 {[%clk 1:30:55]} 2. Nf3 {[%clk 1:31:18]} Nf6
{[%clk 1:31:19]} 3. c4 {[%clk 1:31:30]} e6 {[%clk 1:31:38]} 4. g3
{[%clk 1:31:26]} dxc4 {[%clk 1:30:59]} 5. Bg2 {[%clk 1:29:45]} Bb4+
{[%clk 1:31:18]} 6. Bd2 {[%clk 1:26:23]} a5 {[%clk 1:31:26]} 7. a3
{[%clk 1:18:54]} Bxd2+ {[%clk 1:30:39]} 8. Nbxd2 {[%clk 1:18:51]} b5
{[%clk 1:30:00]} 9. a4 {[%clk 1:17:29]} c6 {[%clk 1:28:51]} 10. O-O
{[%clk 1:11:56]} O-O {[%clk 1:24:02]} 11. e4 {[%clk 1:00:54]} Ba6
{[%clk 1:13:01]} 12. Qc2 {[%clk 0:53:00]} Nbd7 {[%clk 1:02:21]} 13. Rfe1
{[%clk 0:44:31]} Bb7 {[%clk 0:46:05]} 14. Bf1 {[%clk 0:32:26]} Nb6
{[%clk 0:34:18]} 15. h3 {[%clk 0:26:09]} Nfd7 {[%clk 0:27:57]} 16. Rec1
{[%clk 0:19:49]} Re8 {[%clk 0:20:09]} 17. Qd1 {[%clk 0:17:17]} Qe7
{[%clk 0:15:24]} 18. axb5 {[%clk 0:14:03]} cxb5 {[%clk 0:15:11]} 19. b3
{[%clk 0:14:03]} Rec8 {[%clk 0:11:20]} 20. bxc4 {[%clk 0:12:55]} bxc4
{[%clk 0:11:35]} 21. Rc3 {[%clk 0:12:13]} a4 {[%clk 0:08:32]} 22. Qc2
{[%clk 0:11:39]} Nf6 {[%clk 0:07:05]} 23. Qb1 {[%clk 0:09:28]} Ra6
{[%clk 0:06:32]} 24. Ne5 {[%clk 0:08:43]} Qd6 {[%clk 0:05:27]} 25. Bxc4
{[%clk 0:07:18]} Qxd4 {[%clk 0:02:17]} 26. Bxa6 {[%clk 0:05:26]} Rxc3
{[%clk 0:02:23]} 27. Nef3 {[%clk 0:05:24]} Rxf3 {[%clk 0:00:36]} 28. Nxf3
{[%clk 0:05:40]} Qxe4 {[%clk 0:00:36]} 29. Qxb6 {[%clk 0:05:30]} Bc6
{[%clk 0:00:51]} 30. Rc1 {[%clk 0:05:10]} Qxf3 {[%clk 0:00:36]} 31. Qxc6
{[%clk 0:05:27]} Qxc6 {[%clk 0:00:45]} 32. Rxc6 {[%clk 0:05:53]} 1-0

[Event "WYCC Open 10"]
[Site "Porto Carras"]
[Date "2015.11.01"]
[Round "7.10"]
[White "Daneshvar, Bardiya"]
[Black "He, Anthony B"]
[Result "0-1"]
[BlackElo "1820"]
[WhiteElo "1897"]
[LiveChessVersion "1.4.6"]

1. e4 {[%clk 1:30:52]} c5 {[%clk 1:30:50]} 2. Nf3 {[%clk 1:31:03]} Nc6
{[%clk 1:31:01]} 3. d4 {[%clk 1:31:21]} cxd4 {[%clk 1:31:22]} 4. Nxd4
{[%clk 1:31:42]} Nf6 {[%clk 1:31:44]} 5. Nc3 {[%clk 1:31:58]} d6 {[%clk 1:32:06]}
6. f3 {[%clk 1:31:45]} e5 {[%clk 1:29:19]} 7. Ndb5 {[%clk 1:29:23]} a6
{[%clk 1:27:53]} 8. Na3 {[%clk 1:29:26]} h6 {[%clk 1:20:41]} 9. Be3
{[%clk 1:27:15]} Be6 {[%clk 1:17:57]} 10. Nc4 {[%clk 1:23:01]} b5
{[%clk 1:10:51]} 11. Nb6 {[%clk 1:22:44]} Rb8 {[%clk 1:11:01]} 12. Nbd5
{[%clk 1:22:59]} Bxd5 {[%clk 1:09:05]} 13. Nxd5 {[%clk 1:23:02]} Be7
{[%clk 1:03:06]} 14. Qd2 {[%clk 1:19:43]} Nxd5 {[%clk 1:01:57]} 15. Qxd5
{[%clk 1:19:02]} Qc7 {[%clk 1:02:24]} 16. c3 {[%clk 1:17:15]} O-O
{[%clk 1:00:24]} 17. h4 {[%clk 1:10:06]} Rfd8 {[%clk 0:55:00]} 18. g4
{[%clk 1:04:31]} Bf8 {[%clk 0:53:51]} 19. g5 {[%clk 1:02:00]} Ne7
{[%clk 0:49:54]} 20. Qd1 {[%clk 0:56:47]} h5 {[%clk 0:47:45]} 21. Kf2
{[%clk 0:46:30]} d5 {[%clk 0:46:32]} 22. Qe1 {[%clk 0:44:02]} d4 {[%clk 0:43:44]}
23. cxd4 {[%clk 0:42:05]} exd4 {[%clk 0:44:00]} 24. Bd2 {[%clk 0:42:03]} Ng6
{[%clk 0:40:46]} 25. Qc1 {[%clk 0:41:18]} Qe5 {[%clk 0:40:47]} 26. Bg2
{[%clk 0:36:41]} Bd6 {[%clk 0:40:08]} 27. Kf1 {[%clk 0:31:34]} Rbc8
{[%clk 0:39:33]} 28. Qb1 {[%clk 0:27:29]} d3 {[%clk 0:32:06]} 29. Bc3
{[%clk 0:23:09]} Rxc3 {[%clk 0:31:48]} 30. bxc3 {[%clk 0:22:23]} Qxc3
{[%clk 0:32:06]} 31. Qc1 {[%clk 0:21:34]} Qd4 {[%clk 0:32:26]} 32. Rb1
{[%clk 0:21:37]} d2 {[%clk 0:32:41]} 33. Qd1 {[%clk 0:21:39]} Bc5
{[%clk 0:32:49]} 0-1

[Event "WYCC Open 10"]
[Site "Porto Carras"]
[Date "2015.11.01"]
[Round "7.11"]
[White "Krallis, Christos"]
[Black "Tadic, Stefan"]
[Result "0-1"]
[BlackElo "1895"]
[WhiteElo "1859"]
[LiveChessVersion "1.4.6"]

1. e4 {[%clk 1:30:58]} c5 {[%clk 1:29:05]} 2. Nf3 {[%clk 1:31:17]} a6
{[%clk 1:26:12]} 3. c3 {[%clk 1:30:34]} d5 {[%clk 1:25:39]} 4. exd5
{[%clk 1:30:42]} Nf6 {[%clk 1:24:28]} 5. d4 {[%clk 1:29:17]} cxd4
{[%clk 1:22:33]} 6. cxd4 {[%clk 1:28:49]} Nxd5 {[%clk 1:21:44]} 7. Nc3
{[%clk 1:28:54]} Nc6 {[%clk 1:19:55]} 8. Bc4 {[%clk 1:28:04]} Be6
{[%clk 1:15:50]} 9. Bb3 {[%clk 1:23:41]} h6 {[%clk 1:08:46]} 10. O-O
{[%clk 1:23:33]} g6 {[%clk 1:08:19]} 11. Re1 {[%clk 1:23:25]} Bg7
{[%clk 1:07:07]} 12. Rxe6 {[%clk 1:13:57]} fxe6 {[%clk 1:06:51]} 13. Qd3
{[%clk 1:13:12]} Kf7 {[%clk 0:58:46]} 14. Nh4 {[%clk 1:10:50]} Nxd4
{[%clk 0:56:24]} 15. Qxg6+ {[%clk 1:11:03]} Kf8 {[%clk 0:55:36]} 16. Bxd5
{[%clk 1:06:31]} exd5 {[%clk 0:55:08]} 17. Qh5 {[%clk 1:03:05]} Qe8
{[%clk 0:31:39]} 18. Ng6+ {[%clk 1:02:22]} Kg8 {[%clk 0:32:03]} 19. Nxd5
{[%clk 0:55:59]} Kh7 {[%clk 0:17:27]} 20. Ndxe7 {[%clk 0:56:08]} Qf7
{[%clk 0:17:25]} 21. Qg4 {[%clk 0:51:07]} Rhe8 {[%clk 0:15:30]} 22. Qe4
{[%clk 0:49:45]} Qf5 {[%clk 0:15:10]} 23. Qh4 {[%clk 0:26:55]} Qxg6
{[%clk 0:14:16]} 24. Bxh6 {[%clk 0:13:59]} Nf3+ {[%clk 0:14:30]} 0-1

[Event "WYCC Open 10"]
[Site "Porto Carras"]
[Date "2015.11.01"]
[Round "7.12"]
[White "Kirillov, Dmitry"]
[Black "Trakru, Rohun"]
[Result "1-0"]
[BlackElo "1517"]
[WhiteElo "1894"]
[LiveChessVersion "1.4.6"]

1. d4 {[%clk 1:30:57]} e6 {[%clk 1:30:50]} 2. Nf3 {[%clk 1:31:01]} Nf6
{[%clk 1:31:08]} 3. e3 {[%clk 1:31:22]} c5 {[%clk 1:27:29]} 4. c4
{[%clk 1:31:30]} d5 {[%clk 1:25:05]} 5. Nc3 {[%clk 1:31:50]} Nc6 {[%clk 1:24:26]}
6. a3 {[%clk 1:32:11]} cxd4 {[%clk 1:22:38]} 7. exd4 {[%clk 1:32:33]} Be7
{[%clk 1:18:46]} 8. Bd3 {[%clk 1:25:59]} dxc4 {[%clk 1:16:50]} 9. Bxc4
{[%clk 1:26:21]} O-O {[%clk 1:17:07]} 10. O-O {[%clk 1:26:46]} a6
{[%clk 1:17:29]} 11. Re1 {[%clk 1:26:58]} b5 {[%clk 1:16:46]} 12. Ba2
{[%clk 1:27:22]} Bb7 {[%clk 1:05:06]} 13. Qd3 {[%clk 1:26:43]} b4
{[%clk 1:03:58]} 14. Ne4 {[%clk 1:21:21]} Nxe4 {[%clk 0:59:58]} 15. Rxe4
{[%clk 1:17:32]} Bf6 {[%clk 0:58:45]} 16. Bf4 {[%clk 1:08:44]} bxa3
{[%clk 0:58:11]} 17. bxa3 {[%clk 1:00:21]} Ne7 {[%clk 0:57:27]} 18. Ree1
{[%clk 0:59:44]} Nf5 {[%clk 0:36:21]} 19. Rad1 {[%clk 0:45:27]} Bxf3
{[%clk 0:33:30]} 20. Qxf3 {[%clk 0:43:10]} Nxd4 {[%clk 0:28:55]} 21. Qe4
{[%clk 0:40:25]} Qa5 {[%clk 0:28:17]} 22. Re3 {[%clk 0:31:46]} Rfd8
{[%clk 0:26:14]} 23. Red3 {[%clk 0:31:11]} Qf5 {[%clk 0:23:35]} 24. Qxf5
{[%clk 0:25:08]} Nxf5 {[%clk 0:22:51]} 25. Rxd8+ {[%clk 0:23:38]} Rxd8
{[%clk 0:23:02]} 26. Rxd8+ {[%clk 0:23:45]} Bxd8 {[%clk 0:23:31]} 27. Kf1
{[%clk 0:23:49]} Bb6 {[%clk 0:12:39]} 28. Ke2 {[%clk 0:20:57]} Nd4+
{[%clk 0:12:26]} 29. Kd3 {[%clk 0:20:10]} Nc6 {[%clk 0:07:41]} 30. Be3
{[%clk 0:16:03]} Bxe3 {[%clk 0:07:32]} 31. fxe3 {[%clk 0:15:53]} Na5
{[%clk 0:03:16]} 32. Kd4 {[%clk 0:13:09]} Nb7 {[%clk 0:03:41]} 33. Bc4
{[%clk 0:12:46]} a5 {[%clk 0:03:38]} 34. Ba6 {[%clk 0:12:52]} Nd8
{[%clk 0:03:54]} 35. Kc5 {[%clk 0:12:43]} Kf8 {[%clk 0:04:10]} 36. Kb5
{[%clk 0:12:34]} Ke7 {[%clk 0:04:36]} 37. Kxa5 {[%clk 0:12:57]} Kd6
{[%clk 0:04:45]} 38. Kb6 {[%clk 0:12:44]} f5 {[%clk 0:04:36]} 39. Bb5
{[%clk 0:11:18]} g5 {[%clk 0:04:32]} 40. a4 {[%clk 0:40:37]} e5 {[%clk 0:34:32]}
41. a5 {[%clk 0:27:57]} Ne6 {[%clk 0:34:52]} 42. a6 {[%clk 0:26:19]} Nc7
{[%clk 0:34:51]} 43. a7 {[%clk 0:26:41]} h5 {[%clk 0:35:13]} 44. Be8
{[%clk 0:25:09]} h4 {[%clk 0:35:13]} 45. Bg6 {[%clk 0:25:16]} f4 {[%clk 0:35:31]}
46. exf4 {[%clk 0:25:41]} exf4 {[%clk 0:34:59]} 47. Bh5 {[%clk 0:25:50]} Nd5+
{[%clk 0:35:08]} 48. Kb7 {[%clk 0:26:10]} Nc7 {[%clk 0:35:32]} 49. Bg4
{[%clk 0:26:32]} 1-0

[Event "WYCC Girls U18"]
[Site "Porto Carras"]
[Date "2015.10.25"]
[Round "1.1"]
[White "Machlik, Edit"]
[Black "Velikic, Adela"]
[Result "0-1"]
[WhiteElo "1946"]
[BlackElo "2363"]
[PlyCount "60"]
[EventDate "2015.??.??"]
[WhiteClock "0:00:41"]
[BlackClock "0:02:23"]

1. d4 d5 2. c4 c6 3. Nc3 Nf6 4. e3 e6 5. Nf3 Nbd7 6. Qc2 Bd6 7. b3 O-O 8. Be2
e5 9. cxd5 cxd5 10. dxe5 Nxe5 11. Bb2 Re8 12. O-O Bg4 13. Nxe5 Bxe5 14. Bxg4
Bxh2+ 15. Kxh2 Nxg4+ 16. Kg3 Qg5 17. f4 Qh5 18. Nxd5 Nxe3 19. Nxe3 Rxe3+ 20.
Rf3 Re6 21. Rc1 Rae8 22. Be5 Rg6+ 23. Kf2 f6 24. Qc4+ Kh8 25. Rh3 Qg4 26. Rxh7+
Kxh7 27. Rh1+ Rh6 28. Qe4+ Qg6 29. f5 Qf7 30. Rxh6+ gxh6 0-1

[Event "WYCC Girls U18"]
[Site "Porto Carras"]
[Date "2015.10.25"]
[Round "1.2"]
[White "Derakhshani, Dorsa"]
[Black "Wu, Min"]
[Result "1-0"]
[WhiteElo "2356"]
[BlackElo "1945"]
[PlyCount "73"]
[EventDate "2015.??.??"]
[WhiteClock "0:26:53"]
[BlackClock "0:01:01"]

1. e4 e5 2. Nf3 Nc6 3. d4 exd4 4. Nxd4 Nf6 5. Nxc6 bxc6 6. Qe2 d5 7. exd5+ Be7
8. dxc6 O-O 9. Qd3 Qe8 10. Be2 Qxc6 11. Bf3 Qe6+ 12. Qe3 Rb8 13. Qxe6 Bxe6 14.
O-O Nd5 15. c3 Bf6 16. Nd2 Bg5 17. Rd1 Rfd8 18. Nb3 Bf6 19. Nd4 Rb6 20. Nxe6
fxe6 21. c4 Nb4 22. Rxd8+ Bxd8 23. Be3 Ra6 24. Bb7 Ra5 25. Bc8 e5 26. Be6+ Kf8
27. Bd2 c5 28. a3 Ra6 29. Bc8 Rc6 30. axb4 Rxc8 31. Rxa7 Be7 32. b5 Rd8 33. Be1
Rd1 34. Kf1 Rb1 35. b4 cxb4 36. b6 Bc5 37. Ra8+ 1-0